000 00625nam a2200193Ia 4500
003 GCL
008 140319s9999 xx 000 0 ara d
040 _aGCL /
_cGCL
082 0 4 _a658.02
_bا ا
100 1 _aاسعد حماد ابو رمان
245 1 0 _aادارة الضيافة /
_cاسعد حماد ابو رمان
250 _aالاولى
260 _aالاردن :
_bدار الحامد للنشر والتوزيع ،
_c201
300 _a332 ص ؛
_c24 سم
650 0 4 _aالسياحة
650 0 4 _aالفنادق والسياحة
650 0 4 _aالفنادق - تنظيم وادارة
942 _2ddc
_cBK
999 _c3361
_d3361